Luchas sociales en las décadas 1920-1930
Gorde:
| Formatua: | Texto |
|---|---|
| Argitaratua: |
s.n.t :
|
| Gaiak: | |
| Etiketak: |
Etiketa erantsi
Etiketarik gabe, Izan zaitez lehena erregistro honi etiketa jartzen!
|
MARC
| LEADER | 00000 a a2200000 04500 | ||
|---|---|---|---|
| 001 | 18016 | ||
| 003 | |||
| 040 | |a CRAI/IIS |c CRAI/IIS | ||
| 090 | |a 025000 | ||
| 245 | |a Luchas sociales en las décadas 1920-1930 | ||
| 260 | |a s.n.t : | ||
| 300 | |a 65 p. | ||
| 650 | |a MOVIMIENTOS SOCIALES | ||
| 650 | |a ESTRUCTURA SOCIAL | ||
| 650 | |a MODOS DE PRODUCCION | ||
| 650 | |a CAPITALISMO | ||
| 650 | |a FORMACION SOCIAL | ||
| 650 | |a LUCHA DE CLASES | ||
| 650 | |a MOVIMIENTOS OBREROS | ||
| 650 | |a PARTICIPACION POLITICA | ||
| 650 | |a PARTIDOS POLITICOS | ||
| 999 | |c 12952 |d 12952 | ||
